000 00657nam a2200265Ia 4500
005 20260121171401.0
008 008 260114s9999 xx 000 0 eng d
020 _a9783030265243
037 _aEBOOK
040 _aCRL
040 _beng
040 _cCRL
041 _2eng
041 _aeng
084 _qCRL
100 _aBastian Matteo Scianna
_91075560
245 4 _aThe Italian War on the Eastern Front, 1941–1943
260 _bSpringer
260 _bSpringer
260 _c2019
856 _uhttps://link.springer.com/openurl?genre=book&isbn=978-3-030-26524-3
942 _cEBOOK
999 _c1641290
_d1641290